Pays du monde contenant un G - Statistiques

Statistiques générales
  • Ce quiz a été pris 2 831 fois
    2 811 depuis la dernière actualisation
  • Le résultat moyen est 31 sur 48
Statistiques - réponses
Pays % Correct
Guinée
89%
Guatemala
87%
Guinée équatoriale
86%
Guinée-Bissau
85%
Gabon
80%
Ghana
78%
Grèce
78%
Géorgie
76%
Afghanistan
75%
Gambie
75%
Algérie
73%
Argentine
72%
Guyana
70%
Paraguay
70%
Uruguay
70%
Hongrie
69%
Angola
68%
Grenade
68%
Norvège
67%
Belgique
65%
République démocratique du Congo
65%
Allemagne
64%
Congo
64%
Madagascar
64%
Portugal
64%
Égypte
62%
Espagne
62%
Papouasie-Nouvelle-Guinée
62%
Antigua-et-Barbuda
61%
Bulgarie
61%
Mongolie
61%
Nicaragua
60%
Pologne
60%
Cambodge
58%
Togo
57%
Luxembourg
56%
Ouganda
56%
Bangladesh
55%
Niger
55%
Nigeria
55%
Bosnie-Herzégovine
54%
Kirghizistan
52%
Monténégro
52%
Tonga
51%
Sénégal
50%
Saint-Vincent-et-les-Grenadines
48%
Singapour
47%
Trinité-et-Tobago
42%
Aucun quiz correspondant
Distribution des résultats
% des personnes avec chaque résultat
Percentile par nombre de réponses
Votre historique - résultats
Vous n’avez pas pris ce quiz depuis la dernière actualisation